[Event "MDA-ch (Women)"]
[Site "Chisinau"]
[Date "2017.02.05"]
[Round "9"]
[White "Daicu, Diana"]
[Black "Golban, Ludmila"]
[Result "1-0"]
[WhiteElo "1644"]
[BlackElo "1789"]
[PlyCount "51"]
[EventDate "2017.01.28"]
[EventType "tourn"]
[EventRounds "9"]
[EventCountry "MDA"]
[SourceTitle "EXT 2020"]
[Source "ChessBase"]
[SourceDate "2019.10.17"]
[SourceVersion "1"]
[SourceVersionDate "2019.10.17"]
[SourceQuality "1"]

1. e4 c5 2. Nf3 e6 3. d4 cxd4 4. Nxd4 a6 5. Nc3 d6 6. Bd3 Nf6 7. 0-0 Nc6 8. Nxc6 bxc6 9. b3 d5 10. exd5 cxd5 11. Bb2 Bd6 12. Qf3 Qc7 13. h3 Bb7 14. Qe2 h5 15. Nd1 Bh2+ 16. Kh1 d4 17. Bxd4 Ng4 18. f3 Rd8 19. Bf2 Be5 20. Rb1 Bd4 21. fxg4 hxg4 22. Qxg4 f5 23. Bxf5 Rd5 24. Bxd4 Rxf5 25. Rxf5 Qxc2 26. Qg6+ 1-0

[Event "MDA-ch (Women)"]
[Site "Kishinev"]
[Date "2014.02.14"]
[Round "5"]
[White "Golban, Ludmila"]
[Black "Verbin, Valentina"]
[Result "1/2-1/2"]
[WhiteElo "1844"]
[BlackElo "1498"]
[PlyCount "162"]
[EventDate "2014.02.10"]
[EventType "tourn"]
[EventRounds "11"]
[EventCountry "MDA"]
[SourceTitle "CBM 158 Extra"]
[Source "ChessBase"]
[SourceDate "2014.02.28"]
[SourceVersion "1"]
[SourceVersionDate "2014.02.28"]
[SourceQuality "1"]

1. d4 Nf6 2. Nf3 e6 3. c4 Nc6 4. g3 Bb4+ 5. Bd2 Qe7 6. Bg2 0-0 7. 0-0 d6 8. Nc3 e5 9. Bg5 Bxc3 10. bxc3 h6 11. Bc1 Na5 12. dxe5 dxe5 13. Qa4 b6 14. Nd2 Rb8 15. c5 Qe6 16. Ba3 Rd8 17. Qc2 Ba6 18. Rfe1 Nd5 19. Be4 Ne7 20. Bf3 f5 21. Bb4 Nac6 22. Nf1 e4 23. Bg2 Nd5 24. Ba3 b5 25. Bc1 b4 26. Bd2 Qe7 27. Ne3 bxc3 28. Bxc3 Nxe3 29. fxe3 Qxc5 30. Qc1 Bc4 31. Bb2 Qb5 32. Rb1 Bxa2 33. Qc3 Rd7 34. Rbd1 Rf7 35. Ba1 Nb4 36. Rd2 Bd5 37. h3 Qc6 38. Qb2 Na6 39. Qe5 Be6 40. Red1 Bd7 41. Kh2 Re8 42. Qd4 Qb7 43. Qc4 Be6 44. Qa4 Ref8 45. Rb2 Qc8 46. Rd4 Rd7 47. Rbd2 Rxd4 48. Qxd4 Rf7 49. Qxa7 Nb8 50. Qc5 Nd7 51. Qc3 Nf6 52. Qe5 Qe8 53. Qc5 Rd7 54. Bd4 Qe7 55. Qc3 Nd5 56. Qb2 c5 57. Be5 Nxe3 58. Qb8+ Qf8 59. Qxf8+ Kxf8 60. Rxd7 Bxd7 61. Bd6+ Kf7 62. Bxc5 Nd5 63. Kg1 Be6 64. Kf2 Kg6 65. g4 fxg4 66. hxg4 Nf6 67. Ke3 Bxg4 68. Bd4 Bf5 69. Kf4 Nd7 70. e3 Nf6 71. Bf1 Bc8 72. Bc4 Bb7 73. Be6 Nd5+ 74. Ke5 Nc7 75. Bc4 Ne8 76. Be6 Nf6 77. Bf5+ Kg5 78. Be6 h5 79. Bc5 h4 80. Bf8 Kg6 81. Bf5+ Kf7 1/2-1/2

[Event "Moscow op (Women)"]
[Site "Moscow"]
[Date "2009.02.04"]
[Round "5"]
[White "Golban, Ludmila"]
[Black "Mukhina, Marina"]
[Result "1/2-1/2"]
[WhiteElo "1400"]
[BlackElo "1851"]
[PlyCount "76"]
[EventDate "2009.01.31"]
[EventType "swiss"]
[EventRounds "9"]
[EventCountry "RUS"]
[SourceTitle "EXT 2012"]
[Source "ChessBase"]
[SourceDate "2011.11.24"]
[SourceVersion "1"]
[SourceVersionDate "2011.11.24"]
[SourceQuality "1"]

1. d4 d5 2. c4 c6 3. Nc3 Nf6 4. Nf3 dxc4 5. a4 Bf5 6. Nh4 Bg6 7. Nxg6 hxg6 8. e4 e6 9. Bxc4 Bb4 10. f3 Qc7 11. e5 Nd5 12. Qb3 Nd7 13. Bd2 Bxc3 14. bxc3 c5 15. Bxd5 exd5 16. e6 Nf6 17. Qb5+ Ke7 18. Qxc5+ Qxc5 19. dxc5 Kxe6 20. Kf2 Kd7 21. Rab1 Kc6 22. Bf4 Rhe8 23. Rhd1 Re6 24. Rb4 Rae8 25. Rd2 Nd7 26. Bd6 Nxc5 27. Bxc5 Kxc5 28. Rxb7 R8e7 29. Rb5+ Kc4 30. Rbxd5 Kxc3 31. Kg3 Kb4 32. R2d4+ Kb3 33. a5 Re2 34. a6 R2e6 35. Ra5 Kc3 36. Rd8 Kb4 37. Ra1 Kb5 38. Rb8+ Rb6 1/2-1/2

[Event "Moscow op (Women)"]
[Site "Moscow"]
[Date "2009.02.01"]
[Round "2"]
[White "Shen, Yang"]
[Black "Golban, Ludmila"]
[Result "1-0"]
[WhiteElo "2448"]
[BlackElo "1400"]
[PlyCount "75"]
[EventDate "2009.01.31"]
[EventType "swiss"]
[EventRounds "9"]
[EventCountry "RUS"]
[SourceTitle "EXT 2012"]
[Source "ChessBase"]
[SourceDate "2011.11.24"]
[SourceVersion "1"]
[SourceVersionDate "2011.11.24"]
[SourceQuality "1"]

1. d4 d5 2. c4 c6 3. Nf3 Nf6 4. Nc3 dxc4 5. a4 Na6 6. e4 Bg4 7. Bxc4 Bxf3 8. gxf3 e6 9. Be3 Be7 10. Rg1 0-0 11. f4 Kh8 12. Qe2 Nb4 13. 0-0-0 a6 14. Kb1 b5 15. Bb3 Qc8 16. Rg5 g6 17. d5 c5 18. d6 Bd8 19. Bxc5 Nd7 20. Bd4+ Kg8 21. Rg3 Nc6 22. f5 Nxd4 23. Rxd4 Qc5 24. Rd1 exf5 25. Bd5 Rb8 26. exf5 Kh8 27. Ne4 Qb4 28. axb5 Nf6 29. Rb3 Qa4 30. Nc3 Qf4 31. bxa6 Rxb3 32. Bxb3 Qxf5+ 33. Bc2 Qc5 34. d7 Ba5 35. Qb5 Qc7 36. Ne4 Rb8 37. d8Q+ Rxd8 38. Rxd8+ 1-0

[Event "Moscow op-C 04th (Women)"]
[Site "Moscow"]
[Date "2008.02.09"]
[Round "8"]
[White "Golban, Ludmila"]
[Black "Gvanceladze, Anna"]
[Result "1/2-1/2"]
[WhiteElo "1910"]
[BlackElo "2069"]
[PlyCount "69"]
[EventDate "2008.02.02"]
[EventType "swiss"]
[EventRounds "9"]
[EventCountry "RUS"]
[SourceTitle "CBM 122 Extra"]
[Source "ChessBase"]
[SourceDate "2008.03.04"]
[SourceVersion "1"]
[SourceVersionDate "2008.03.04"]
[SourceQuality "1"]

1. d4 d5 2. Nf3 Nf6 3. c4 e6 4. Nc3 Be7 5. cxd5 exd5 6. Qc2 0-0 7. Bf4 c6 8. e3 Nbd7 9. Bd3 b6 10. Ng5 h6 11. Nf3 Bb7 12. 0-0 Re8 13. Ne2 Rc8 14. Bf5 Ra8 15. g4 c5 16. Ne5 Nxe5 17. dxe5 Ne4 18. e6 fxe6 19. Bxe6+ Kh8 20. f3 Bf6 21. Bf7 Re7 22. Bh5 Ng5 23. Rad1 Nh3+ 24. Kg2 Nxf4+ 25. Nxf4 Rxe3 26. Bf7 g5 27. Qg6 Bg7 28. Nh5 Qf8 29. Rfe1 d4 30. Rxe3 dxe3 31. Re1 Bd4 32. Re2 Rd8 33. Rxe3 Bxe3 34. Qf6+ Kh7 35. Qg6+ 1/2-1/2

[Event "Moscow op-C 04th (Women)"]
[Site "Moscow"]
[Date "2008.02.02"]
[Round "1"]
[White "Iljushina, Olga"]
[Black "Golban, Ludmila"]
[Result "1-0"]
[WhiteElo "2268"]
[BlackElo "1910"]
[PlyCount "37"]
[EventDate "2008.02.02"]
[EventType "swiss"]
[EventRounds "9"]
[EventCountry "RUS"]
[SourceTitle "CBM 122 Extra"]
[Source "ChessBase"]
[SourceDate "2008.03.04"]
[SourceVersion "1"]
[SourceVersionDate "2008.03.04"]
[SourceQuality "1"]

1. d4 d5 2. Nf3 c6 3. c4 a6 4. cxd5 cxd5 5. Nc3 Nf6 6. Bf4 Nc6 7. Rc1 Bg4 8. Ne5 Rc8 9. Nxg4 Nxg4 10. e4 Nf6 11. e5 Ne4 12. Nxe4 dxe4 13. d5 Na7 14. Qa4+ Qd7 15. Rxc8+ Nxc8 16. Qxe4 Nb6 17. Bc4 Nxc4 18. Qxc4 Qg4 19. e6 1-0